00848nam a2200181 i 450000100060000000300090000600500170001500700030003200800410003510000400007624502350011626000340035165000680038570000230045385200250047699900170050195201480051837540ES-MaACL20230906155609.0t|030318s1907 sp ||||1| fre d1 aComas y Llabería, César.93995510aIrradiation Röntgen preventive intra-abdominale, aprés l'intervention chirurgicale dans un cas de cancer de l'uterus b: communication au IIIe Congrès de ... Radiologie medicale... / cpar les docteurs C. Comas et A. Prió. aBarcelone : b[s.n.], c1907. 4aAparato genital femenino-xEnfermedades-xRadioterapia.91654631 aPrió, A.9156737 aES-MaACLjT-1198-F-6 c37540d37540 001040708Colección_de_folletosaATENEOMbATENEOMcDEPOFd2008-01-17eSCl0oT-1198-F-6p1039517r2023-02-23 00:00:00w2023-02-23yFOLLETOS